Toutes les Techniques de Byron Love/Aphrodite/Terumi D'Inazuma Eleven - Statistiques

Statistiques générales
  • Ce quiz a été pris 67 fois
  • Le résultat moyen est 5 sur 8
Statistiques - réponses
Réponse Type de quiz Première Utilisation % Correct
Instant Céleste ATT S1
98%
Savoir Suprême TIR S1
98%
Tir Solaire TIR S3
94%
Tir Chaotique TIR S3
93%
Savoir Ultime TIR ARES
46%
L'Aurore TIR DREAM MATCH
39%
Ours Polaire N°2 TIR ORION
17%
GGG Senjō no Aria TIR ORION
15%
Aucun quiz correspondant
Distribution des résultats
% des personnes avec chaque résultat
Percentile par nombre de réponses
Votre historique - résultats
Vous n’avez pas pris ce quiz